University Home | Library Home | Institutional Repository

Leiden journal of international law / (Record no. 8844)

MARC details
000 -LEADER
fixed length control field 00578cam4a220016900 4500
005 - DATE AND TIME OF LATEST TRANSACTION
control field 20190812101820.0
022 ## - INTERNATIONAL STANDARD SERIAL NUMBER
International Standard Serial Number 0922-1565
008 - FIXED-LENGTH DATA ELEMENTS--GENERAL INFORMATION
fixed length control field 040401
035 ## - SYSTEM CONTROL NUMBER
System control number (Sirsi) a146678
050 #0 - LIBRARY OF CONGRESS CALL NUMBER
Classification number JX1901.L3J6
245 10 - TITLE STATEMENT
Title Leiden journal of international law /
260 ## - PUBLICATION, DISTRIBUTION, ETC.
Place of publication, distribution, etc. Netherlands:
Name of publisher, distributor, etc. Leiden Journal of International Law Foundation,
Date of publication, distribution, etc. 1994.
310 ## - CURRENT PUBLICATION FREQUENCY
Current publication frequency Quarterly
362 ## - DATES OF PUBLICATION AND/OR SEQUENTIAL DESIGNATION
Dates of publication and/or sequential designation
520 ## - SUMMARY, ETC.
Summary, etc. Promotes the understanding of the principles and purposes of international law and to describe current developments
650 #0 - SUBJECT ADDED ENTRY--TOPICAL TERM
Topical term or geographic name entry element International law
Linkage S745.1
Holdings
Withdrawn status Lost status Source of classification or shelving scheme Damaged status Not for loan Home library Current library Shelving location Total Checkouts Full call number Barcode Date last seen Copy number Price effective from Koha item type
    Library of Congress Classification     Main Library Main Library Serials   JX1901.L3J6 15651021997 08/12/2019 1 08/12/2019 Periodical
© 2026 - The University of Zambia Library - Koha v25.11